Las fronteras del porvenir /

Guardado en:
Autor Principal: Drucker, Peter F.
Formato: Libro
Publicado: Buenos Aires : Ed. Hobbs-sudamericana, 1959
Materias:
Etiquetas: Agregar Etiqueta
Sin Etiquetas, Sea el primero en etiquetar este registro!
LEADER 00477nam a22001575a 4500
001 EHU.bham001092
003 AR-BHAM
005 20070312170031.0
008 130507s1959##################000#0#####d
082 3 0 |a 301.153 
100 1 |a Drucker, Peter F. 
245 1 0 |a Las fronteras del porvenir /  |c Peter F. Drucker. 
260 |a Buenos Aires :  |b Ed. Hobbs-sudamericana,  |c 1959 
300 |a 288 p. 
653 |a Sociologia-cultura 
859 |a AR-BHAM  |b BIB. HUMANIDADES - General  |h 301.153  |i D84  |p 548.67  |t Ej.1